| 000 | 01456cam a22003494a 4500 | ||
|---|---|---|---|
| 999 |
_c535352 _d535352 |
||
| 001 | 13321110 | ||
| 003 | NUST | ||
| 005 | 20200904101025.0 | ||
| 008 | 030822s2004 enka b 001 0 eng | ||
| 010 | _a 2003062751 | ||
| 020 | _a978-0-470-74911-1 (acidfree paper) | ||
| 020 | _a978-0-470-74911-1 (hbk. : acidfree paper) | ||
| 038 | _aMSOHAIL | ||
| 040 |
_aDLC _cLIBRARY _dDLC |
||
| 042 | _apcc | ||
| 050 | 0 | 0 |
_aGE45.M37 _bE593 2004 |
| 082 | 0 | 0 |
_a628 WAI _b2013 |
| 245 | 0 | 0 |
_aEnvironmental modelling : _bfinding simplicity in complexity / _ceditors, John Wainwright and Mark Mulligan. |
| 250 | _a2nd | ||
| 260 |
_aChichester, West Sussex, England ; _aHoboken, NJ : _bWiley, _cc2004. |
||
| 300 |
_axxii, 475 p. : _bill. ; _c25 cm. |
||
| 504 | _aIncludes bibliographical references and index. | ||
| 650 | 0 |
_aEnvironmental sciences _xME _929862 |
|
| 700 | 1 |
_aWainwright, John, _d1967- _929860 |
|
| 700 | 1 |
_aMulligan, Mark, _d1970- _929861 |
|
| 856 | 4 | 2 |
_3Contributor biographical information _uhttp://www.loc.gov/catdir/bios/wiley042/2003062751.html |
| 856 | 4 | 2 |
_3Publisher description _uhttp://www.loc.gov/catdir/description/wiley035/2003062751.html |
| 856 | 4 | 1 |
_3Table of contents _uhttp://www.loc.gov/catdir/toc/wiley032/2003062751.html |
| 906 |
_a7 _bcbc _corignew _d1 _eocip _f20 _gy-gencatlg |
||
| 942 |
_2ddc _cBK |
||